[Event "9th LCC FIDE Open 2017"]
[Site "London"]
[Date "2017.12.03"]
[Round "3"]
[White "Houska, Jovanka"]
[Black "Nihal Sarin"]
[Result "0-1"]
[WhiteElo "2407"]
[BlackElo "2507"]
[Annotator "TA"]
[PlyCount "94"]
[EventDate "2017.??.??"]
[EventCountry "ENG"]
[SourceTitle "playchess.com"]
[Source "ChessBase"]
[SourceQuality "1"]

{[%evp 11,94,0,0,0,10,33,27,0,38,20,40,-18,-22,-48,-41,-57,-47,-45,-56,-79,-66,-66,-37,-115,-118,-110,-118,-95,-94,-165,-150,-301,-299,-292,-294,-295,-299,-332,-332,-315,-321,-337,-326,-316,-322,-332,-327,-329,-318,-317,-314,-325,-317,-344,-340,-337,-335,-337,-330,-323,-334,-365,-347,-356,-358,-354,-335,-408,-382,-476,-479,-475,-471,-447,-418,-425,-418,-697,-683,-29991,-29992,-29992,-29993,-29993,-29994]} 1. d4 e6 2. c4 b6 3. Nf3 Bb7 4. a3 Nf6 5. g3 g6 6. Nc3 Bg7 {LiveBook: 27 Games. E12: Queen's Indian: Unusual White 4th moves, 4 a3, 4 Nc3 Bb7 5 a3 and 4 Nc3 Bb7} 7. Qc2 $146 ({Predecessor:} 7. Bg2 O-O 8. O-O Ne4 9. Bd2 Nxd2 10. Qxd2 d6 11. d5 e5 12. e4 f5 13. Ng5 Bh6 14. h4 {0-1 (43) Wang,Y (2736)-Tomashevsky,E (2689) Sochi 2009}) 7... Bxf3 8. exf3 O-O {White is slightly better.} 9. Be3 c6 10. Be2 d5 {[%cal Bd7d5,Bd5d4][%mdl 32]} 11. b3 (11. O-O $14) 11... c5 $11 12. Rd1 cxd4 $1 13. Bxd4 Nc6 14. Be3 d4 {[#] ...Nd7 is the strong threat.} 15. Bc1 Nd7 {[%cal Bf6d7,Bd7c5,Bc5b3,Bb3c1][%mdl 32]} 16. Na4 Nc5 17. Nb2 {[#]} ({White should try} 17. Nxc5 $15 bxc5 18. O-O) 17... d3 $1 $36 {[%mdl 2560] White is under strong pressure.} 18. Nxd3 Nd4 $1 {[%csl LRb3,LRc2]} 19. Qa2 Ncxb3 20. O-O (20. Be3 $17) 20... Qc7 21. Nf4 $2 (21. Be3 $17) 21... Nxc1 $19 22. Rxc1 Bh6 23. Rcd1 Qe5 24. Rfe1 Bxf4 25. gxf4 Qxf4 26. Kg2 Rac8 27. Qd2 Qxd2 28. Rxd2 Nxe2 29. Rexe2 Rxc4 {[%mdl 4096] Endgame KRR-KRR} 30. Rd7 Ra4 31. Re3 Rc8 32. Red3 Rc5 33. Rb7 Rg5+ 34. Kf1 Rf5 35. Kg2 Kg7 36. h3 h5 37. Rc3 b5 38. Rd3 a6 39. Rc3 Rc4 40. Re3 Rg5+ 41. Kf1 Rc1+ 42. Ke2 Rc2+ 43. Kf1 Rd5 44. Re4 (44. f4 $142) 44... Rdd2 45. Rf4 Rxf2+ {Black mates.} 46. Ke1 Rh2 {[%cal Rh2h1]} 47. Rfxf7+ Kh6 {Precision: White = 25%, Black = 88%.} 0-1

[Event "9th LCC FIDE Open 2017"]
[Site "London"]
[Date "2017.12.03"]
[Round "3"]
[White "Akash Pc, Iyer"]
[Black "Fernandez, Daniel Howard"]
[Result "1/2-1/2"]
[WhiteElo "2390"]
[BlackElo "2500"]
[Annotator "TA"]
[PlyCount "120"]
[EventDate "2017.??.??"]
[EventCountry "ENG"]
[SourceTitle "playchess.com"]
[Source "ChessBase"]
[SourceQuality "1"]

{[%evp 15,120,36,52,38,43,29,27,28,28,20,92,52,53,31,45,38,44,22,27,0,0,0,0,0,0,0,0,7,38,31,57,-16,-20,-22,-20,-27,0,0,7,14,5,0,0,-6,-7,-14,0,0,0,0,0,0,0,0,0,0,0,0,0,0,0,-16,-8,-30,0,-16,-16,-14,-18,-16,-13,-27,-8,-30,-23,-22,0,0,0,0,0,0,0,0,0,0,0,-8,0,0,0,0,0,0,0,0,0,0,0,0,0,0,0,0,0,0,0]} 1. d4 Nf6 2. Nf3 e6 3. c4 Bb4+ 4. Bd2 c5 5. Bxb4 cxb4 6. Nbd2 d5 7. e3 O-O 8. Bd3 Nc6 9. O-O {E11: Bogo-Indian} b6 10. cxd5 (10. Qe2 Bb7 11. Rfc1 Qe7 12. cxd5 Nxd5 13. Ba6 Rfd8 14. g3 Nf6 15. Rc2 Rab8 16. Bxb7 Qxb7 {1-0 (55) Ascic,P (2298)-Juranic,B (2175) Sibenik 2012}) 10... exd5 11. Qa4 {White has an edge.} Qd6 $1 12. Ne5 $146 ({Predecessor:} 12. Bb5 Bd7 13. Rac1 Rfc8 14. Qa6 Rc7 15. Bxc6 Bxc6 16. Ne5 Bb7 17. Qa4 a5 18. Rxc7 Qxc7 19. Re1 Rc8 20. Ndf3 Ne4 21. Qb5 f6 22. Nd3 Bc6 {0-1 (22) Wegner,C-Becker,M (2080) Muenster 1995}) 12... Ne7 (12... Nxe5 $11 {keeps the balance.} 13. dxe5 Qxe5) 13. Rac1 a5 14. Qc2 g6 15. Qc7 Rd8 16. Qxd6 Rxd6 17. Rc7 Kf8 $1 18. Rfc1 Ne8 19. R7c2 f6 20. Nc6 Nxc6 21. Rxc6 Bd7 22. R6c2 Ke7 23. e4 (23. Nf3 $14) 23... dxe4 $1 $11 24. Bxe4 Rd8 25. d5 {[#] And now Nc4 would win.} Bf5 26. Bxf5 Rxd5 27. Re1+ Kf8 28. Bxg6 hxg6 29. Nc4 Rc5 30. Rec1 Rdc8 31. Ne3 Nd6 32. Kf1 Kf7 33. Ke2 f5 34. Kd3 Ne4 35. f3 Rxc2 36. Rxc2 {[%mdl 4096] Endgame KRN-KRN} Nc5+ 37. Ke2 Re8 {[#] Hoping for ...f4.} 38. Kd2 Rd8+ 39. Ke2 Re8 40. Kd2 b3 41. axb3 Nxb3+ 42. Kd3 Nc5+ 43. Kd2 Rh8 44. h3 Rd8+ 45. Ke2 Ne6 {aiming for ...Nd4+.The position is equal.} 46. Rd2 $1 Nf4+ 47. Kd1 Rxd2+ 48. Kxd2 {KN-KN} Ke6 49. h4 b5 50. g4 Ke5 51. Nd1 Nd5 52. h5 gxh5 53. gxh5 Kf6 54. Kd3 Kg5 55. Kd4 Nf4 56. Kc5 b4 57. Kb5 Nd5 58. Kxa5 Kxh5 {White must now prevent ...Kh4.} 59. Kb5 Kg5 {...Kf4 is the strong threat.} 60. Kc5 Nf6 {Precision: White = 62%, Black = 68%.} 1/2-1/2

[Event "9th LCC FIDE Open 2017"]
[Site "London"]
[Date "2017.12.03"]
[Round "3"]
[White "Bates, Richard A"]
[Black "Bellaiche, Anthony"]
[Result "1-0"]
[WhiteElo "2378"]
[BlackElo "2499"]
[Annotator "TA"]
[PlyCount "84"]
[EventDate "2017.??.??"]
[EventCountry "ENG"]
[SourceTitle "playchess.com"]
[Source "ChessBase"]
[SourceQuality "1"]

{[%evp 13,84,0,-8,-37,-17,-55,-32,-60,-56,-50,-50,-50,-57,-43,-56,-37,-44,-47,-66,-263,-283,-264,-265,-277,-283,-253,-266,-272,-271,-298,-269,-270,-261,-359,-361,-392,-296,-381,-334,-300,-162,-168,-137,-196,-195,-241,-212,-388,-389,-335,-91,-53,187,204,450,345,345,338,329,317,29972,29973,29973,29974,29974,29975,29975,29976,29979,29980,29980,29980,29999]} 1. d4 d5 2. c4 c6 3. Nf3 Nf6 4. Nc3 e6 5. g3 Nbd7 6. Bg2 dxc4 7. a4 a5 {LiveBook: 27 Games. E01: Catalan: Early deviations} 8. Bg5 $146 ({Predecessor:} 8. O-O Be7 9. e4 O-O 10. Bf4 Re8 11. Re1 b6 12. d5 exd5 13. exd5 Bb7 14. d6 Bf8 15. Rxe8 Nxe8 16. Nd4 Bxd6 17. Bxd6 Nxd6 18. Nxc6 Qf8 {1-0 (43) Fridman,D (2626)-Schroeder,J (2552) Germany 2017}) 8... Be7 9. Nd2 Nb6 {Black is slightly better.} 10. e3 e5 $1 11. dxe5 Ng4 12. Bxe7 Qxe7 13. Nde4 O-O 14. Qd4 Nxe5 {Strongly threatening ...Rd8.} 15. O-O $1 (15. Qxb6 $2 Ra6 $19) 15... Ra6 16. Nc5 $2 ({White should play} 16. Qc5 $15 Qe6 17. Qa3) 16... Rd8 $19 17. Nxa6 Rxd4 18. exd4 Nd3 ({Inferior is} 18... bxa6 19. dxe5 Bg4 20. Bxc6 $11) 19. Nc5 Nxc5 20. dxc5 Qxc5 21. Rad1 {And now Rd8+ would win.} h6 22. Rd8+ Kh7 23. Rfd1 Bf5 24. Re8 Bd3 25. Be4+ Bxe4 26. Nxe4 Qf5 (26... Qb4 $142 27. Nd6 Qxb2 28. Nxf7 Nd5) 27. Rdd8 Nd7 28. Nd6 (28. f4 $17) 28... Qb1+ 29. Kg2 Nf6 30. Re7 $2 (30. Re2 Qd1 31. Re7) 30... Qxb2 {aiming for ...c3.} 31. Nxc4 {[#]} Qa2 $2 (31... Qb4 $1 $19 {[%cal Rb4e7] is more deadly.} 32. Nd6 b5 33. axb5 cxb5) 32. Ne5 $17 Qb2 $2 {[#]} (32... b6 $15) 33. Rf8 $1 $18 {[%cal Rf8f7]} Ng4 $2 (33... Ng8 34. Ree8 f6) 34. Nxg4 Qb4 35. Rfxf7 Qxg4 {[%mdl 4096] Endgame KQ-KRR} 36. h3 ({Not} 36. Rxb7 Qe4+ 37. Kh3 Qe6+ 38. Kh4 Kh8 $16) ({And not} 36. Rxg7+ Qxg7 37. Rxg7+ Kxg7 $11) 36... Qxa4 $2 (36... Qd4 $18 37. Rxb7 Qd5+ 38. Kh2 Qg5 39. Rxg7+ Qxg7 40. Rxg7+ Kxg7) 37. Rxg7+ {White mates.} Kh8 38. Rh7+ Kg8 39. Reg7+ Kf8 40. Rxb7 {[%cal Rh7h8]} Qe4+ 41. Kh2 {[%cal Rh7h8]} Kg8 42. Rhe7 {[%cal Rb7b8]} Qd4 {Precision: White = 49%, Black = 42%.} 1-0

[Event "9th LCC FIDE Open 2017"]
[Site "London"]
[Date "2017.12.03"]
[Round "3"]
[White "Gumularz, Szymon"]
[Black "Hector, Jonny"]
[Result "0-1"]
[WhiteElo "2376"]
[BlackElo "2493"]
[Annotator "TA"]
[PlyCount "124"]
[EventDate "2017.??.??"]
[EventCountry "ENG"]
[SourceTitle "playchess.com"]
[Source "ChessBase"]
[SourceQuality "1"]

{[%evp 19,124,26,35,0,25,24,44,0,0,0,0,0,0,0,8,8,7,10,24,15,32,35,57,7,53,0,64,61,60,36,47,0,0,0,0,-27,66,-45,-39,-42,-11,-9,-19,-78,-77,-88,-8,-111,-104,-190,-197,-214,14,-18,59,-13,0,0,235,220,201,-87,-90,-90,-97,-92,-100,-110,-105,-93,-95,-90,-72,-72,-77,-84,-83,-83,-83,-133,-111,-123,-70,-69,-68,-69,-69,-72,-72,-151,-163,-471,-429,-444,-434,-12796,-12804,-29983,-29984,-29991,-29992,-29992,-29993,-29993,-29994,-29994,-29993]} 1. d4 d5 2. Bf4 c5 3. e3 Nc6 4. c3 Nf6 5. Nd2 cxd4 (5... e6 6. Ngf3 cxd4 7. exd4 Nh5 8. Be5 f6 9. Bg3 g6 10. Be2 Bg7 11. O-O O-O 12. Qb3 Kh8 13. Rad1 b6 14. Rfe1 Bb7 {0-1 (49) Wang,Y (2699)-Le,Q (2739) Ashkhabad 2017}) 6. exd4 {D00: 1 d4 d5: Unusual lines} Bf5 7. Ngf3 e6 8. Qb3 Bd6 9. Qxb7 Bxf4 10. Qxc6+ Kf8 {LiveBook: 6 Games} 11. Qa6 g6 $146 ({Predecessor:} 11... Rb8) 12. g3 Bd6 13. Bg2 Rb8 14. Nb3 Qc7 15. O-O h5 16. Nh4 Be4 17. Bxe4 Nxe4 18. Qe2 g5 19. Nf3 h4 {[%cal Rh4g3]} 20. g4 Kg7 21. h3 Bf4 22. Nc1 {[#]} (22. Ne1 $14) 22... Rb6 (22... Nd2 $1 $11 {[%mdl 512]} 23. Nd3 (23. Nxd2 Rxb2) 23... Nxf1 24. Rxf1 Rhc8) 23. Nd3 $14 Rhb8 24. Nfe5 f6 25. Nxf4 gxf4 26. Nd3 Ng5 27. Kh1 Nxh3 (27... f3 $11 28. Qe3 Rxb2 29. Nxb2 Rxb2) 28. Nc5 (28. Rae1 $14) 28... Ng5 $15 29. b4 Re8 {[%cal Bb8e8,Be8e5,Be5e2][%mdl 32]} 30. f3 e5 31. dxe5 (31. Rae1 $1 $11) 31... Rxe5 $17 32. Qd3 Qe7 ({Black should try} 32... Re3 $1 $17 {[%cal Re3d3]} 33. Qxd5 Rd6) 33. Qd4 (33. Rad1 $11 {keeps the balance.}) 33... Re2 $1 34. Qxf4 (34. a3 $17 {was called for.}) 34... Nh3 $1 $19 {[%cal Rh3f4]} 35. Qd4 {[#] Black should prevent f4.} Rb8 $2 ({Black should play} 35... Qc7 $1 $19 {[%csl Gc7][%cal Re2h2]} 36. f4 Qc8) 36. Nd3 Re8 (36... Qe3 $11) 37. Rae1 (37. g5 $1 $14) 37... Qc7 $40 {[%csl Gc7][%cal Re2h2][%mdl 128] Black mounts an attack.} 38. f4 {aiming for Rxe2.} Qc4 $2 {[#]} (38... Qd7 $11 {and Black is okay.} 39. Rxe2 Rxe2) 39. Rxe2 $1 $18 ({And not} 39. Qxa7+ Kg8 $11) 39... Rxe2 40. g5 $2 ({Worse is} 40. Qxa7+ Kg8 $11) ({Only move:} 40. Rf3 $18) 40... Qxd4 $17 41. cxd4 {[%mdl 4096] Endgame KRN-KRN} Rd2 42. Nc5 fxg5 43. fxg5 Nxg5 44. Rf4 Rd1+ 45. Kh2 Kg6 46. Nd7 Rd2+ 47. Kh1 Ne4 48. Rxh4 Rxd4 49. Nf8+ Kf5 50. Rh7 Rd1+ (50... a6 $17 51. a3 Rd2) 51. Kg2 $15 Rd2+ 52. Kg1 d4 {[%cal Bd5d4,Bd4d3][%mdl 32]} 53. Rf7+ Kg4 54. Ne6 (54. Nd7 $142) 54... d3 $17 ({But not} 54... Rxa2 $6 55. Rg7+ Kf3 56. Nxd4+ Ke3 57. Nb3 $11) 55. Rg7+ $2 (55. Rd7 {nothing else works.}) 55... Kf3 $19 56. Rf7+ Ke3 57. Rh7 (57. Ng7 $142 Rxa2 58. Nf5+ Kf4 59. Nh4+ Kg4 60. Ng2) 57... Rf2 58. Rxa7 Rf6 {Black mates.} 59. Ra6 Rg6+ 60. Kh2 d2 61. Ra3+ Kf2 62. Nf4 Rh6+ {Precision: White = 34%, Black = 48%.} 0-1

[Event "9th LCC FIDE Open 2017"]
[Site "London"]
[Date "2017.12.03"]
[Round "3"]
[White "Sowray, Peter J"]
[Black "Elsness, Frode"]
[Result "0-1"]
[WhiteElo "2357"]
[BlackElo "2477"]
[Annotator "TA"]
[PlyCount "70"]
[EventDate "2017.??.??"]
[EventCountry "ENG"]
[SourceTitle "playchess.com"]
[Source "ChessBase"]
[SourceQuality "1"]

{[%evp 20,70,11,0,10,-9,-14,-16,-15,-25,-29,-21,-24,-10,-23,-43,-30,-37,-34,-140,0,0,58,-362,-364,-518,-135,-137,-29,-38,-39,-25,-6,-8,-7,-8,-12,-199,-189,-228,-225,-564,-229,-195,-187,-512,-492,-583,-275,-379,-358,-362,-262]} 1. c4 Nf6 2. Nc3 e6 3. e3 d5 4. Nf3 Bd6 5. d4 b6 6. Bd3 O-O 7. O-O Bb7 8. b3 Nbd7 9. Bb2 a6 10. Qe2 Ne4 11. Rad1 {LiveBook: 12 Games} Qf6 {E14: Queen's Indian: Classical Variation (4 e3)} 12. Bb1 $146 ({Predecessor:} 12. Nd2 Qh6 13. f4 f5 14. Nf3 Qh5 15. Ne5 Qxe2 16. Nxe2 Ndf6 17. Nc3 Nxc3 18. Bxc3 {½-½ (18) Huebner,R (2600)-Keene,R (2510) Bad Lauterberg 1977}) 12... Qh6 13. h3 f5 {The position is equal.} 14. Nxe4 fxe4 15. Ne5 Nxe5 16. dxe5 Be7 17. Qg4 Rad8 18. Rc1 {Threatens to win with cxd5.} c5 19. Rfd1 (19. b4 $15) 19... Rf5 ({Better is} 19... Bg5 $17 {aiming for ...d4!} 20. cxd5 exd5) 20. cxd5 $11 Bxd5 (20... Rdf8 $1 $11) 21. f4 $2 {[%mdl 8192]} (21. Rxd5 $14 {stays ahead.} Rxd5 22. Bxe4) 21... exf3 $19 22. Bxf5 (22. Rxd5 $142 Rxd5 23. Bxf5 Qxe3+ 24. Kh1 exf5 25. Qxf3 Qxf3 26. gxf3) 22... exf5 $2 (22... Qxe3+ $19 23. Kh2 exf5 24. Qxf5 Bg5) 23. Qf4 $17 {Black should prevent Qxh6.} Bg5 ({Don't play} 23... fxg2 $6 24. Qxh6 gxh6 25. e6 $11) ({Black should play} 23... Qg6 $1 $17 {[%csl Gd5,Gf3][%cal Rg6g2]} 24. g4 fxg4 25. Qxg4 Bg5) 24. Rxd5 $1 $11 Rxd5 25. Qxf3 Bxe3+ 26. Kh1 Rd8 27. Rf1 f4 {[%cal Bf5f4,Bf4f3,Bf3g2][%mdl 32]} 28. Qe4 $2 (28. Bc1 $1 $11 {and White is okay.} Bxc1 29. Rxc1) 28... Qe6 $19 29. Bc1 {[#]} Qd5 $1 {[%cal Rd5e4]} 30. Qf5 $2 {[#]} (30. Qxd5+ {is tougher.} Rxd5 31. Bxe3 fxe3 32. Re1) 30... Bxc1 (30... Qd1 $142 $1 {[%mdl 512]} 31. Qe6+ (31. Rxd1 Rxd1+) 31... Kf8 32. Qf5+ Ke7 33. Bxe3 Qxf1+ 34. Kh2 Rf8 35. Qg5+ Ke6) 31. Rxc1 Rf8 $36 {[%mdl 2048] Black is really pushing.} 32. Qg5 $2 (32. Qc2 {is a better chance.}) 32... f3 33. Rg1 g6 (33... f2 $142 34. Rf1 Qd3) 34. Qg3 fxg2+ 35. Kh2 Rf5 {Precision: White = 11%, Black = 36%.} 0-1

[Event "9th LCC FIDE Open 2017"]
[Site "London"]
[Date "2017.12.03"]
[Round "3"]
[White "Quillan, Gary"]
[Black "Abergel, Thal"]
[Result "0-1"]
[WhiteElo "2344"]
[BlackElo "2464"]
[Annotator "TA"]
[PlyCount "96"]
[EventDate "2017.??.??"]
[EventCountry "ENG"]
[SourceTitle "playchess.com"]
[Source "ChessBase"]
[SourceQuality "1"]

{[%evp 17,96,56,57,43,50,46,40,30,37,29,59,62,78,0,43,0,0,0,0,-51,0,0,52,43,58,79,90,90,83,82,82,82,82,82,83,64,101,91,142,95,112,82,117,77,63,26,95,95,95,0,0,0,0,0,0,-32,-51,-56,-35,-70,15,-240,-225,-212,-206,-177,-115,-125,-69,-200,-200,-271,-272,-540,-525,-670,-662,-731,-718,-688,-633]} 1. e4 b6 2. d4 Bb7 3. Nd2 e6 4. Ngf3 c5 5. c3 cxd4 6. cxd4 Nf6 7. Bd3 d5 {B00: Queen's Fianchetto Defence, Nimzowitsch Defence} (7... d6 8. O-O Be7 9. Re1 O-O 10. Nf1 Nbd7 11. Ng3 Re8 12. Qe2 Nf8 13. Bd2 a6 14. Rad1 b5 15. h3 {1-0 (37) Korneev,O (2611)-Cicak,S (2530) Salou 2005}) 8. e5 Nfd7 9. O-O Ba6 {LiveBook: 6 Games. White is slightly better.} 10. Ne1 Bxd3 $146 ({Predecessor:} 10... Qc8 11. f4 Nc6 12. Ndf3 g6 13. Be3 Bxd3 14. Nxd3 Qa6 15. Rf2 Be7 16. Rc2 Rc8 17. Rac1 Ndb8 18. a3 Kd7 19. Rc3 Na5 20. Qa4+ Nac6 21. Qc2 {½-½ (21) West,G (2414)-Wohl,A (2440) Sydney 1999}) 11. Nxd3 Nc6 12. Nb3 a5 13. Be3 a4 14. Nd2 a3 15. bxa3 ({Better is} 15. b3 $16) 15... Rxa3 16. Nb3 Qa8 17. Qe2 Be7 18. Nf4 (18. Qg4 $11 g6 19. Rfc1) 18... g6 (18... O-O $15) 19. Rfc1 $11 O-O ({Black should play} 19... Qb7 $11) 20. Qg4 $1 $14 {Hoping for Nxe6!} Qa4 {[#]} 21. Nxe6 $1 {[%mdl 512]} Ncxe5 (21... fxe6 22. Qxe6+) 22. Qh3 Nc4 23. Nxf8 Nxf8 24. Qf3 Qa8 25. Bh6 Ne6 26. Re1 Qd8 27. Qg4 Bf8 (27... Qd7 $142) 28. Bxf8 Nxf8 29. Re2 Kg7 30. Rae1 {Black must now prevent Re7.} Ne6 31. h3 h5 {[#]} (31... Qf6 $1 $11) 32. Qf3 $1 $16 Qd6 33. Qc3 ({White should try} 33. h4 $16) 33... Nf4 $11 34. Rc2 Qf6 35. Qf3 Qf5 36. Rc3 Rxa2 37. Nc1 Rd2 38. Nb3 Ne2+ (38... Rb2 $15 39. Kh1 b5) 39. Qxe2 $4 {[%mdl 8192]} (39. Kh1 $11 Nxc3 40. Nxd2 Nxd2 41. Qxc3 Qxf2 42. Qe3 Qxe3 43. Rxe3) 39... Rxe2 $19 40. Rxe2 Qb1+ 41. Kh2 {[#]} f5 (41... g5 $1 $19 42. Nc1 b5) 42. h4 Qd1 (42... Qf1 $17 43. Ra2 Qe1) 43. Ra2 (43. Re7+ $15 Kf6 44. Ra7) 43... Qg4 44. g3 Qe4 45. Rcc2 $2 (45. Nc1 f4 46. Re2 Qxd4 47. Rf3 fxg3+ 48. fxg3) 45... Qf3 {Black is clearly winning.} 46. Nc1 f4 47. Re2 fxg3+ 48. fxg3 Ne3 {Precision: White = 28%, Black = 54%.} 0-1

[Event "9th LCC FIDE Open 2017"]
[Site "London"]
[Date "2017.12.04"]
[Round "4"]
[White "Motylev, Alexander"]
[Black "Das, Sayantan"]
[Result "1/2-1/2"]
[WhiteElo "2675"]
[BlackElo "2442"]
[Annotator "TA"]
[PlyCount "77"]
[EventDate "2017.??.??"]
[EventCountry "ENG"]
[SourceTitle "playchess.com"]
[Source "ChessBase"]
[SourceQuality "1"]

{[%evp 14,77,31,27,26,25,34,28,28,29,32,54,79,0,9,0,0,0,0,0,0,0,0,0,0,0,0,0,0,0,15,13,21,22,18,18,18,18,12,13,26,18,18,18,18,20,23,25,56,21,33,22,34,10,8,0,0,0,8,0,0,0,21,0,10,0]} 1. e4 c5 2. Nf3 d6 3. d4 cxd4 4. Nxd4 Nf6 5. Nc3 a6 6. Bd3 g6 7. Be3 Bg7 8. f3 Nc6 {B72: Sicilian Dragon: 6 Be3, lines with h3+Bc4 and sidelines} 9. Qd2 O-O (9... Ne5 10. Be2 b5 11. a4 Nc4 12. Bxc4 bxc4 13. O-O O-O 14. b4 cxb3 15. cxb3 Bb7 16. b4 {½-½ (35) Motylev,A (2675)-Giri,A (2772) Tbilisi 2017}) 10. O-O-O d5 {White has an edge.} 11. Nxc6 $146 ({Predecessor:} 11. g4 dxe4 12. Nxe4 Nxd4 13. Qf2 Nc6 14. Bxa6 Nxe4 15. fxe4 Qa5 16. Bc4 Qb4 17. Bb3 Rxa2 18. Kb1 Ra1+ 19. Kxa1 Qa3+ {0-1 (19) Just,H-Kramer,W GER email 2008}) 11... bxc6 12. Bh6 e5 13. Bxg7 (13. exd5 $16 cxd5 14. Bxg7 Kxg7 15. f4) 13... Kxg7 $11 14. exd5 cxd5 15. f4 d4 16. fxe5 dxc3 17. exf6+ Qxf6 18. Qxc3 Qxc3 19. bxc3 Be6 20. Rhf1 Rfc8 21. c4 Rab8 22. Rf4 Rb4 23. a3 Ra4 24. Kb2 Rb8+ 25. Ka2 Rb5 26. Ra1 h5 27. Rd4 Rb6 28. Re1 Ra5 29. Rde4 Kf6 30. g3 Rg5 31. Rd4 Ra5 32. Re3 g5 33. h4 g4 {The position is equal.} 34. Rf4+ Kg7 35. Rd4 Kf6 36. Rf4+ Kg7 37. Bf1 Rc5 38. Rd4 Kf6 39. Bd3 {Precision: White = 52%, Black = 64%.} 1/2-1/2

[Event "9th LCC FIDE Open 2017"]
[Site "London"]
[Date "2017.12.04"]
[Round "4"]
[White "Jones, Gawain C B"]
[Black "Arjun Kalyan"]
[Result "1-0"]
[WhiteElo "2654"]
[BlackElo "2419"]
[Annotator "TA"]
[PlyCount "80"]
[EventDate "2017.??.??"]
[EventCountry "ENG"]
[SourceTitle "playchess.com"]
[Source "ChessBase"]
[SourceQuality "1"]

{[%evp 19,80,-26,-34,-44,-5,-8,-10,-14,-11,-24,-17,-11,18,6,8,2,4,0,17,0,8,1,8,8,8,7,9,15,10,14,19,9,16,10,22,23,25,4,13,7,14,6,75,63,72,53,54,50,60,79,83,79,83,75,82,75,48,17,80,69,264,246,257]} 1. Nf3 d5 2. g3 Bg4 3. Bg2 Nd7 4. O-O c6 5. d3 Ngf6 6. b3 e5 {A07: Réti Opening: New York and Capablanca Systems} 7. Bb2 Bd6 8. Nbd2 O-O 9. h3 Bh5 10. e4 Re8 {LiveBook: 61 Games} 11. Re1 dxe4 (11... Qc7 12. a4 dxe4 13. dxe4 Bf8 14. Qe2 Nc5 15. Qe3 Nfd7 16. Nc4 f6 {½-½ (52) Mamedov,R (2637)-Rublevsky,S (2695) Khanty-Mansiysk 2013}) 12. dxe4 Qc7 13. Qe2 $146 ({Predecessor:} 13. Qc1 Re7 14. Nh4 Bg6 15. Nxg6 hxg6 16. a4 a5 {½-½ (62) Tikhomirov,A (2215)-Lukanov,V (2199) Krasnoyarsk 2013}) 13... Rad8 14. Qf1 Bg6 15. Nh4 Nf8 16. Nc4 Bc5 17. Nxg6 hxg6 18. a4 b6 19. Kh2 a6 20. Bc3 Bd4 21. Bxd4 Rxd4 22. c3 Rdd8 23. Ra2 Ne6 24. b4 a5 25. Rb1 axb4 26. Rxb4 Rb8 27. Qb1 {[%cal Rb4b6]} Nd7 28. Rd2 Red8 29. h4 b5 30. Ne3 {[%cal Ra4b5]} Ndc5 (30... Nf6 $11 31. Rxd8+ Rxd8) 31. Rxd8+ $16 Qxd8 32. axb5 Nd3 33. bxc6 Nxb4 34. cxb4 Nd4 {[#]} 35. Qc1 $1 {Hoping for c7.} Rc8 {[#]} 36. b5 $1 {[%mdl 512]} Nxb5 37. Bh3 $36 {[%mdl 2048] Keeping Black busy.} Ra8 38. Nd5 {[%mdl 1024] White wants to play Qc5. White has compensation.} Nc7 (38... Ra2 $11 {keeps the balance.}) 39. Qb2 Ne8 $2 {[#]} ({Better is} 39... Qd6 $14) 40. Bd7 $1 $18 {[%cal Rd7e8] And now Bxe8 would win.} ({Don't do} 40. Qxe5 $6 Ra2 $16) 40... Nf6 {Precision: White = 59%, Black = 39%.} 1-0

[Event "9th LCC FIDE Open 2017"]
[Site "London"]
[Date "2017.12.04"]
[Round "4"]
[White "Grandelius, Nils"]
[Black "Henderson de La Fuente, Lance"]
[Result "1-0"]
[WhiteElo "2647"]
[BlackElo "2419"]
[Annotator "TA"]
[PlyCount "59"]
[EventDate "2017.??.??"]
[EventCountry "ENG"]
[SourceTitle "playchess.com"]
[Source "ChessBase"]
[SourceQuality "1"]

{[%evp 20,59,63,57,116,110,114,95,86,99,83,98,105,85,91,103,213,215,187,187,187,187,187,187,187,185,185,184,225,213,210,207,335,326,337,330,327,331,403,396,602,596]} 1. d4 Nf6 2. c4 e6 3. Nf3 b6 4. g3 Bb7 5. Bg2 Be7 6. Nc3 Ne4 7. Bd2 f5 8. d5 Bf6 9. Qc2 O-O 10. Nxe4 {E17: Queen's Indian: 4 g3 Bb7 5 Bg2 Be7} fxe4 11. Qxe4 {LiveBook: 7 Games} Bxb2 {[#]} ({Black should try} 11... exd5 $14 12. Qc2 (12. cxd5 Re8 $11) 12... Qe7) (11... Re8 12. Qc2 exd5 13. O-O dxc4 14. Ng5 Bxg2 15. Qxh7+ Kf8 16. Qh5 Bxg5 17. Bxg5 Qc8 18. Kxg2 {½-½ (32) Kasimdzhanov,R (2687)-Ismagambetov,A (2523) Tashkent 2009}) 12. Ng5 $1 $16 {[%csl Gg5][%cal Re4h7][%mdl 512] White is better.} Rf5 13. Rb1 {And now h4 would win.} Rxg5 14. Rxb2 Rf5 $146 ({Predecessor:} 14... Rg6 15. Qc2 exd5 16. cxd5 Kh8 17. O-O Na6 {1-0 (32) Naumkin,I (2442)-Huemmer,B (2185) Arco 2014}) 15. Qc2 Rf8 16. Be4 h6 17. Bc3 {Black must now prevent Bh7+.} Na6 (17... Qe8 $16 {was necessary.}) 18. Bh7+ $18 Kh8 19. Qg6 $36 {[%csl Gg6][%cal Rc3g7][%mdl 2048] White is really pushing.} Rf6 20. Bxf6 Qxf6 21. Qxf6 gxf6 {[#]} 22. Be4 $1 Nc5 23. Bg2 e5 24. Bh3 Kg7 25. O-O a5 {[#]} (25... Kg6 {is a better defense.} 26. f4 Re8) 26. d6 $1 cxd6 27. Rxb6 Bc6 28. Rd1 Ne4 29. Bg2 Rc8 {[#]} (29... f5 $142 30. Bxe4 Bxe4 31. Rdxd6 Bc6) 30. Rxc6 $1 {[%mdl 512] Precision: White = 97%, Black = 46%.} 1-0